000 00641nam a2200229Ia 4500
003 OSt
005 20230523123955.0
008 210423s2016 xx 000 0 und d
020 _a978-93-392-1305-3
040 _cAL
041 _aeng
082 _a658.15
_223
_bKHAF
100 _aKHAN (M Y);JAIN (P K)
_975718
245 _aFinancial management: text problems and cases Ed 7
250 _a7
260 _aNew Delhi
_bMcGrawhill Education
_c2016
300 _axxviii,36.45,A.10,I.12
_bPB
365 _b745
_cINR
650 _aFinancial Management
_975719
906 _acases ; Financial ; management: ; problems
942 _2ddc
_cBK
999 _c168558
_d168558